|
|
|
|
| LEADER |
01154nam a2200277 a 4500 |
| 001 |
2890 |
| 003 |
BD-DhAAL |
| 005 |
20150513115951.0 |
| 008 |
150513s1998 iluk b 000 0 eng |
| 010 |
|
|
|a 98014636
|
| 020 |
|
|
|a 1570735514 (pbk.)
|
| 040 |
|
|
|a DLC
|c DLC
|d DLC
|d BD-DhAAL
|
| 050 |
0 |
0 |
|a KF4948
|b .L62 1998
|
| 082 |
0 |
0 |
|a 342.73/05
|2 21
|
| 245 |
0 |
4 |
|a The lobbying manual :
|b a compliance guide for lawyers and lobbyists.
|
| 250 |
|
|
|a 2nd ed. /
|b William V. Luneburg, editor.
|
| 260 |
|
|
|a Chicago :
|b Section of Administrative Law and Regulatory Practice, American Bar Association,
|c c1998.
|
| 300 |
|
|
|a xviii, 481, 15 p. :
|b forms ;
|c 28 cm.
|
| 504 |
|
|
|a Includes bibliographical references.
|
| 541 |
|
|
|e 2890
|
| 650 |
|
0 |
|a Lobbying
|x Law and legislation
|z United States.
|9 10987
|
| 700 |
1 |
|
|a Luneburg, William V.,
|d 1946-
|9 10988
|
| 710 |
2 |
|
|a American Bar Association.
|b Section of Administrative Law and Regulatory Practice.
|9 10989
|
| 942 |
|
|
|2 ddc
|c BK
|
| 999 |
|
|
|c 34401
|d 34401
|
| 952 |
|
|
|0 0
|1 0
|2 ddc
|4 0
|6 342_730500000000000_LOB
|7 0
|9 53709
|a SCL
|b SCL
|c GEN
|d 2015-05-13
|e Gift: The Asia Foundation
|l 0
|o 342.7305 LOB
|p 3020002890
|r 2015-05-13
|t 1
|w 2015-05-13
|y BK
|